[Event "DSSM WK2"]
[Site "Husum"]
[Date "2002.05.11"]
[Round "3.1"]
[White "Bartelt, Kalle"]
[Black "Hofmann, Philipp"]
[Result "1/2-1/2"]
[WhiteElo "1455"]
[BlackElo "1030"]
[PlyCount "26"]
[EventDate "2002.05.10"]
[EventType "team"]
[EventRounds "7"]
[EventCountry "GER"]
[SourceTitle "CBM 088 Extra"]
[Source "ChessBase"]
[SourceDate "2002.07.01"]
[SourceVersion "2"]
[SourceVersionDate "2002.07.01"]
[SourceQuality "1"]

1. e4 e5 2. f4 d6 3. Nf3 Nc6 4. Bc4 exf4 5. d4 g5 6. h4 Be7 7. Nxg5 Bxg5 8. Qh5 Qe7 9. hxg5 Qxe4+ 10. Qe2 Qxe2+ 11. Bxe2 Nxd4 12. Bd3 Bf5 13. Bxf5 Nxf5 1/2-1/2

[Event "DSSM WK2"]
[Site "Husum"]
[Date "2002.05.11"]
[Round "4.1"]
[White "Hofmann, Philipp"]
[Black "Pietzsch, Manuel"]
[Result "0-1"]
[WhiteElo "1030"]
[BlackElo "2073"]
[PlyCount "50"]
[EventDate "2002.05.10"]
[EventType "team"]
[EventRounds "7"]
[EventCountry "GER"]
[SourceTitle "CBM 088 Extra"]
[Source "ChessBase"]
[SourceDate "2002.07.01"]
[SourceVersion "2"]
[SourceVersionDate "2002.07.01"]
[SourceQuality "1"]

1. b4 e5 2. Bb2 f6 3. b5 d5 4. e3 Be6 5. Nf3 Bd6 6. a4 Ne7 7. Na3 c6 8. Qc1 Nd7 9. c4 Nc5 10. Qc2 Bf5 11. Qc3 Nxa4 12. Qb3 Nxb2 13. Qxb2 0-0 14. Be2 Be4 15. d3 Bxf3 16. Bxf3 e4 17. dxe4 dxe4 18. Bxe4 Be5 19. Qd2 Bxa1 20. Qxd8 Rfxd8 21. 0-0 Bb2 22. Nc2 f5 23. Bf3 Rd2 24. Ne1 a5 25. bxc6 bxc6 0-1